00295nam a2200109Ia 4500008004100000020001800041040002900059050002400088100001600112245003100128260002600159221021s9999||||xx |||||||||||||| ||und|| a9780321747594 cChuka University Library aQA 39.3b .B37 2012 aTobey ,John 0aBasic College mathematics. aBostonbPearsonc2012